| 000 | 00558nam a2200205Ia 4500 | ||
|---|---|---|---|
| 001 | 38124 | ||
| 005 | 20240114001957.0 | ||
| 007 | ta | ||
| 008 | 070629s g b000 u u | ||
| 040 | _aCottonCollege,Assam | ||
| 082 |
_a547 _bB 469 J |
||
| 110 | _aG.U . | ||
| 245 | 0 |
_aSnatak Mahalar jaiba Rashayan- part 111 / _cG.U. _hTextual Documents |
|
| 260 |
_aGuwahati : _bG.U , _c1974. |
||
| 500 | _aThis is Replaced By Organic Chemistry-By J.P.S Arora | ||
| 653 | _aChemistry | ||
| 942 |
_2ddc _cBK |
||
| 999 |
_c38100 _d38100 |
||